Manga titre français/japonais - Click Quiz - Statistiques

Statistiques générales
  • Ce quiz a été pris 483 fois
  • Le résultat moyen est 16 sur 20
Statistiques - réponses
Hint Réponse % Correct
Boku no Hero Academia My Hero Academia
98%
Yakusoku no Neverland The Promised Neverland
97%
JoJo no kimyō na bōken JoJo's Bizarre Adventure
96%
Chensō Man Chainsaw Man
95%
Shingeki no Kyojin L’Attaque des Titans
95%
Gintama Gintama
92%
Supai Famirī Spy × Family
92%
Desu Nōto Death Note
90%
Doragon Bōru Dragon Ball
90%
Tensei Shitara Slime Datta Ken Moi, quand je me réincarne en Slime
90%
Kimetsu no Yaiba Demon Slayer
86%
Monsutā Monster
85%
Purizun Sukūru Prison School
80%
Mobu Saiko Hyaku Mob Psycho 100
78%
Nanatsu no Taizai Seven Deadly Sins
78%
Shokugeki no Soma Food Wars
68%
Burakku Kurōbā Black Clover
64%
Kiseijuu Parasite
54%
Hagane no Renkinjutsushi Fullmetal Alchemist
49%
Kuroshitsuji Black Butler
37%
Aucun quiz correspondant
Distribution des résultats
% des personnes avec chaque résultat
Percentile par nombre de réponses
Votre historique - résultats
Vous n’avez pas pris ce quiz